Normal view MARC view

Entry Nome pessoal

Number of records used in: 1

001 - NÚMERO DE CONTROLE

  • campo de controle: 732

003 - IDENTIFICADOR DO NÚMERO DE CONTROLE

  • campo de controle: Br

005 - DATA E HORÁRIO DA ÚLTIMA TRANSAÇÃO

  • campo de controle: 20250401095308.0

008 - CAMPO DE DADOS FIXOS

  • campo de controle de tamanho fixo: 980309n| acnnnaab| aaaa |d

024 7# - OUTRO IDENTIFICADOR PADRÃO

  • Número padrão ou código: http://viaf.org/viaf/89801546
  • Fonte: VIAF

035 ## - NÚMERO DE CONTROLE DO SISTEMA

  • Número de Controle do Sistema: 98030915345392E16

040 ## - FONTE DA CATALOGAÇÃO

  • Instituição da catalogação original: Br
  • Instituição que transcreveu o registro: Br
  • Idioma da catalogação: por

100 1# - CABEÇALHO--NOME PESSOAL

  • Nome pessoal: Fonseca, Rubem,
  • Datas associadas ao nome: 1925-2020

400 1# - REMISSIVA VER--NOME PESSOAL

  • Nome pessoal: Fonseca, José Rubem
  • Datas associadas ao nome: 1925-2020

670 ## - FONTE POSITIVA DOS DADOS

  • Citação da fonte positiva dos dados: Autor de: Feliz ano novo. 1989.

670 ## - FONTE POSITIVA DOS DADOS

  • Citação da fonte positiva dos dados: https://pt.wikipedia.org/wiki/Rubem_Fonseca 15/04/2020
  • Dados encontrados na fonte localizada no subcampo: (José Rubem Fonseca nasceu em Juiz de Fora, em 11 de maio de 1925 e faleceu no Rio de Janeiro, em 15 de abril de 2020, foi um contista, romancista, ensaísta e roteirista brasileiro)

670 ## - FONTE POSITIVA DOS DADOS

  • Citação da fonte positiva dos dados: VIAF
  • Dados encontrados na fonte localizada no subcampo: (contista, romancista e ensaísta; d.n., rem.)

670 ## - FONTE POSITIVA DOS DADOS

  • Citação da fonte positiva dos dados: LC authorities 20/10/2015
  • Dados encontrados na fonte localizada no subcampo: (d.n., rem.)

670 ## - FONTE POSITIVA DOS DADOS

  • Citação da fonte positiva dos dados: https://istoe.com.br/rubem-fonseca-morre-aos-94-anos/ 15/04/2020
  • Dados encontrados na fonte localizada no subcampo: (O escritor Rubem Fonseca faleceu no Rio de Janeiro em 15 de abril de 2020)

Powered by Koha